[Event "DVM U12 2023"]
[Site "Magdeburg GER"]
[Date "2023.12.29"]
[Round "6"]
[White "Sitnik, Arthur"]
[Black "Zargaran, Sepas"]
[Result "0-1"]
[Termination "normal"]
[Board "3.2"]
[WhiteElo "1386"]
[BlackElo "1636"]
[WhiteClock "00:37:52"]
[BlackClock "01:19:38"]
[WhiteTeam "SK Kelheim 1920"]
[BlackTeam "VSG 1880 Offenbach"]
[PlyCount "64"]
[WhiteFideId "34608150"]
[BlackFideId "34625275"]
[EventCountry "GER"]
[EventRounds "7"]
[EventType "team-swiss"]
[EventDate "2023.12.26"]

1. e4 {[%clk 01:30:58]} {[%emt 00:00:02]} c5 {[%clk 01:31:00]} 2. Nf3 {[%clk
01:31:22]} {[%emt 00:00:06]} Nc6 {[%clk 01:31:17]} {[%emt 00:00:12]} 3. c3
{[%clk 01:31:49]} {[%emt 00:00:03]} d5 {[%clk 01:31:15]} {[%emt 00:00:31]} 4.
exd5 {[%clk 01:32:15]} {[%emt 00:00:05]} Qxd5 {[%clk 01:31:31]} {[%emt
00:00:13]} 5. d4 {[%clk 01:32:36]} {[%emt 00:00:10]} Bg4 {[%emt 00:00:15]} 6.
Be2 {[%clk 01:32:43]} {[%emt 00:00:21]} e6 {[%clk 01:32:07]} {[%emt 00:00:11]}
7. O-O {[%clk 01:32:39]} {[%emt 00:00:34]} Nf6 {[%clk 01:32:27]} {[%emt
00:00:10]} 8. Bf4 {[%clk 01:32:44]} {[%emt 00:00:25]} Be7 {[%clk 01:32:34]}
{[%emt 00:00:23]} 9. h3 {[%clk 01:32:22]} {[%emt 00:00:53]} Bh5 {[%emt
00:00:40]} 10. Re1 {[%clk 01:26:01]} {[%emt 00:06:50]} O-O {[%clk 01:31:57]}
{[%emt 00:00:57]} 11. Ne5 {[%clk 01:11:13]} {[%emt 00:15:19]} Bxe2 {[%clk
01:30:55]} {[%emt 00:01:31]} 12. Rxe2 {[%clk 01:11:14]} {[%emt 00:00:28]} Rfd8
{[%clk 01:27:56]} {[%emt 00:03:26]} 13. Nxc6 {[%clk 01:01:28]} {[%emt
00:10:20]} Qxc6 {[%clk 01:28:06]} {[%emt 00:00:20]} 14. Be5 {[%clk 01:01:28]}
{[%emt 00:00:30]} cxd4 {[%clk 01:27:53]} {[%emt 00:00:42]} 15. cxd4 {[%clk
01:00:36]} {[%emt 00:01:23]} Nd5 {[%clk 01:28:01]} {[%emt 00:00:22]} 16. Rc2
{[%clk 00:59:12]} {[%emt 00:01:54]} Qd7 {[%clk 01:23:43]} {[%emt 00:04:46]} 17.
a3 {[%clk 00:58:24]} {[%emt 00:01:20]} Bd6 {[%clk 01:22:21]} {[%emt 00:01:51]}
18. Nc3 {[%clk 00:53:55]} {[%emt 00:04:59]} Nxc3 {[%clk 01:22:10]} {[%emt
00:00:42]} 19. bxc3 {[%clk 00:45:05]} {[%emt 00:09:20]} Bxe5 {[%clk 01:21:04]}
{[%emt 00:01:38]} 20. Rb1 {[%clk 00:44:33]} {[%emt 00:01:00]} b6 {[%clk
01:20:40]} {[%emt 00:00:54]} 21. Qf3 {[%clk 00:43:44]} {[%emt 00:01:19]} Bf6
{[%clk 01:20:08]} {[%emt 00:01:01]} 22. Rd1 {[%clk 00:43:33]} {[%emt 00:00:41]}
Rac8 {[%clk 01:20:01]} {[%emt 00:00:37]} 23. Rcd2 {[%clk 00:41:01]} {[%emt
00:03:02]} Qd5 {[%clk 01:19:24]} {[%emt 00:01:06]} 24. Qd3 {[%clk 00:40:32]}
{[%emt 00:00:59]} Qc4 {[%clk 01:18:52]} {[%emt 00:00:59]} 25. Qxc4 {[%clk
00:37:35]} {[%emt 00:03:31]} Rxc4 {[%clk 01:19:16]} {[%emt 00:00:05]} 26. Rd3
{[%clk 00:37:52]} {[%emt 00:00:14]} Rd5 {[%clk 01:19:20]} {[%emt 00:00:25]} 27.
g4 {[%clk 00:36:50]} {[%emt 00:01:33]} Be7 {[%clk 01:19:08]} {[%emt 00:00:42]}
28. f4 {[%clk 00:37:04]} {[%emt 00:00:16]} Bxa3 {[%clk 01:19:13]} {[%emt
00:00:25]} 29. Ra1 {[%clk 00:37:30]} {[%emt 00:00:04]} Ra5 {[%clk 01:19:18]}
{[%emt 00:00:25]} 30. f5 {[%clk 00:37:22]} {[%emt 00:00:39]} exf5 {[%clk
01:19:42]} {[%emt 00:00:08]} 31. gxf5 {[%clk 00:37:43]} {[%emt 00:00:07]} h6
{[%clk 01:19:41]} {[%emt 00:00:31]} 32. d5 {[%clk 00:37:52]} {[%emt 00:00:21]}
Bc5+ {[%clk 01:19:38]} {[%emt 00:00:33]} 0-1

[Event "DVM U12 2023"]
[Site "Magdeburg GER"]
[Date "2023.12.29"]
[Round "6"]
[White "Papadopoulos, Kyriakos"]
[Black "Neumeier, Konstantin"]
[Result "1/2-1/2"]
[Termination "normal"]
[Board "3.3"]
[WhiteElo "1465"]
[BlackElo "1394"]
[WhiteClock "00:35:23"]
[BlackClock "00:38:01"]
[WhiteTeam "VSG 1880 Offenbach"]
[BlackTeam "SK Kelheim 1920"]
[PlyCount "52"]
[WhiteFideId "34630732"]
[BlackFideId "34608230"]
[EventCountry "GER"]
[EventRounds "7"]
[EventType "team-swiss"]
[EventDate "2023.12.26"]

1. e4 {[%clk 01:30:59]} e5 {[%clk 01:30:39]} {[%emt 00:00:22]} 2. Nf3 {[%clk
01:31:21]} {[%emt 00:00:08]} Nc6 {[%clk 01:30:55]} {[%emt 00:00:14]} 3. Nc3
{[%clk 01:31:48]} {[%emt 00:00:03]} Nf6 {[%clk 01:31:09]} {[%emt 00:00:15]} 4.
d4 {[%clk 01:32:14]} {[%emt 00:00:05]} exd4 {[%clk 01:31:19]} {[%emt 00:00:19]}
5. Nxd4 {[%clk 01:32:37]} {[%emt 00:00:07]} Bb4 {[%clk 01:31:33]} {[%emt
00:00:17]} 6. Nxc6 {[%clk 01:32:46]} {[%emt 00:00:21]} bxc6 {[%clk 01:31:46]}
{[%emt 00:00:17]} 7. Bd3 {[%clk 01:33:10]} {[%emt 00:00:06]} d5 {[%clk
01:32:03]} {[%emt 00:00:12]} 8. exd5 {[%clk 01:32:51]} {[%emt 00:00:50]} cxd5
{[%clk 01:32:20]} {[%emt 00:00:12]} 9. O-O {[%clk 01:33:02]} {[%emt 00:00:19]}
O-O {[%clk 01:32:37]} {[%emt 00:00:14]} 10. Bg5 {[%clk 01:33:09]} {[%emt
00:00:22]} c6 {[%clk 01:32:38]} {[%emt 00:00:29]} 11. Qf3 {[%clk 01:33:14]}
{[%emt 00:00:25]} Be7 {[%clk 01:32:26]} {[%emt 00:00:41]} 12. Rfe1 {[%clk
01:30:18]} {[%emt 00:03:28]} Re8 {[%clk 01:31:26]} {[%emt 00:01:29]} 13. Re2
{[%clk 01:22:21]} {[%emt 00:08:27]} Be6 {[%clk 01:26:54]} {[%emt 00:05:02]} 14.
Rae1 {[%clk 01:20:59]} {[%emt 00:01:52]} Qd7 {[%clk 01:26:27]} {[%emt
00:00:53]} 15. h3 {[%clk 01:07:55]} {[%emt 00:13:39]} d4 {[%clk 01:15:09]}
{[%emt 00:11:47]} 16. Ne4 {[%clk 01:07:09]} {[%emt 00:01:16]} Nxe4 {[%clk
01:11:11]} {[%emt 00:04:27]} 17. Bxe7 {[%clk 01:07:14]} {[%emt 00:00:27]} Nxf2
{[%clk 01:09:33]} {[%emt 00:02:08]} 18. Qxf2 {[%clk 01:01:15]} {[%emt
00:06:28]} Rxe7 {[%clk 01:09:26]} {[%emt 00:00:38]} 19. Qh4 {[%clk 01:00:36]}
{[%emt 00:01:08]} h6 {[%clk 01:08:50]} {[%emt 00:01:06]} 20. Be4 {[%clk
01:00:24]} {[%emt 00:00:41]} Rae8 {[%clk 01:05:54]} {[%emt 00:03:28]} 21. a3
{[%clk 00:55:32]} {[%emt 00:05:23]} Kh8 {[%clk 01:03:15]} {[%emt 00:03:08]} 22.
Bd3 {[%clk 00:54:12]} {[%emt 00:01:49]} c5 {[%clk 00:51:48]} {[%emt 00:11:57]}
23. Qe4 {[%clk 00:51:42]} {[%emt 00:03:00]} f5 {[%clk 00:47:25]} {[%emt
00:04:51]} 24. Qh4 {[%clk 00:50:28]} {[%emt 00:01:48]} Kg8 {[%clk 00:45:30]}
{[%emt 00:02:13]} 25. Bxf5 {[%clk 00:45:14]} {[%emt 00:05:57]} Kf8 {[%clk
00:37:50]} {[%emt 00:08:08]} 26. Bxe6 {[%clk 00:35:23]} {[%emt 00:10:20]} Rxe6
{[%clk 00:38:01]} {[%emt 00:32:59]} 1/2-1/2

[Event "DVM U12 2023"]
[Site "Magdeburg GER"]
[Date "2023.12.29"]
[Round "6"]
[White "Dauerer, Leonhard"]
[Black "Kollmer, Otto"]
[Result "0-1"]
[Termination "normal"]
[Board "3.4"]
[WhiteElo "1074"]
[BlackElo "1029"]
[WhiteClock "01:05:14"]
[BlackClock "01:07:35"]
[WhiteTeam "SK Kelheim 1920"]
[BlackTeam "VSG 1880 Offenbach"]
[PlyCount "64"]
[WhiteFideId "34640223"]
[BlackFideId "34660712"]
[EventCountry "GER"]
[EventRounds "7"]
[EventType "team-swiss"]
[EventDate "2023.12.26"]

1. e4 {[%clk 01:30:58]} {[%emt 00:48:52]} e5 {[%clk 01:30:58]} 2. Nf3 {[%clk
01:31:09]} {[%emt 00:00:22]} Nc6 {[%clk 01:31:22]} 3. Bc4 {[%clk 01:31:18]}
{[%emt 00:00:27]} Bc5 {[%clk 01:31:31]} 4. c3 {[%clk 01:30:58]} {[%emt
00:01:10]} Nf6 {[%clk 01:31:39]} 5. d3 {[%clk 01:31:02]} {[%emt 00:00:48]} O-O
{[%clk 01:31:21]} 6. O-O {[%clk 01:29:19]} {[%emt 00:02:59]} d5 {[%clk
01:29:54]} {[%emt 00:01:59]} 7. exd5 {[%clk 01:27:07]} {[%emt 00:02:43]} Nxd5
{[%emt 00:00:35]} 8. Re1 {[%clk 01:27:07]} {[%emt 00:00:27]} Bg4 {[%clk
01:29:26]} {[%emt 00:00:56]} 9. Nbd2 {[%clk 01:25:56]} {[%emt 00:01:41]} Nf4
{[%clk 01:27:51]} {[%emt 00:02:05]} 10. Ne4 {[%clk 01:25:21]} {[%emt 00:01:05]}
Bb6 {[%clk 01:23:15]} {[%emt 00:05:05]} 11. Bxf4 {[%clk 01:23:25]} {[%emt
00:02:26]} exf4 {[%clk 01:22:23]} {[%emt 00:01:23]} 12. Rc1 {[%clk 01:21:51]}
{[%emt 00:02:01]} Ne5 {[%clk 01:19:30]} {[%emt 00:03:23]} 13. Bb3 {[%clk
01:20:04]} {[%emt 00:02:20]} Bxf3 {[%clk 01:17:58]} {[%emt 00:02:03]} 14. gxf3
{[%clk 01:20:10]} {[%emt 00:00:24]} Nxd3 {[%clk 01:18:17]} {[%emt 00:00:10]}
15. Qc2 {[%clk 01:18:09]} {[%emt 00:02:31]} Nxc1 {[%clk 01:17:35]} {[%emt
00:01:11]} 16. Qxc1 {[%clk 01:17:38]} {[%emt 00:01:03]} Qh4 {[%clk 01:16:46]}
{[%emt 00:01:20]} 17. Qc2 {[%clk 01:12:00]} {[%emt 00:06:07]} Kh8 {[%clk
01:13:59]} {[%emt 00:03:17]} 18. Kh1 {[%clk 01:11:54]} {[%emt 00:00:36]} Rae8
{[%clk 01:12:24]} {[%emt 00:02:05]} 19. Rg1 {[%clk 01:11:34]} {[%emt 00:00:45]}
f5 {[%clk 01:11:09]} {[%emt 00:01:49]} 20. Ng5 {[%clk 01:10:08]} {[%emt
00:01:56]} Bxf2 {[%clk 01:10:14]} {[%emt 00:01:24]} 21. Qd2 {[%clk 01:05:20]}
{[%emt 00:05:19]} Bxg1 {[%clk 01:09:46]} {[%emt 00:00:57]} 22. Nf7+ {[%clk
01:04:58]} {[%emt 00:00:53]} Rxf7 {[%clk 01:08:36]} {[%emt 00:01:40]} 23. Bxf7
{[%clk 01:05:14]} {[%emt 00:00:13]} Re1 {[%clk 01:07:35]} {[%emt 00:01:30]} 24.
Bh5 Be3+ {[%clk 01:07:35]} 25. Qxe1 Qxe1+ {[%clk 01:07:35]} 26. Kg2 Qf2+ {[%clk
01:07:35]} 27. Kh3 Qf1+ {[%clk 01:07:35]} 28. Kh4 h6 {[%clk 01:07:35]} 29. Bg4
Qg2 {[%clk 01:07:35]} 30. Kh5 fxg4 {[%clk 01:07:35]} 31. Kg6 gxf3+ {[%clk
01:07:35]} 32. Kf7 Qxb2 {[%clk 01:07:35]} 33. Kf8 Qxc3 34. Kf7 f2 35. a4 f1=Q
36. Kg6 Qfd3+ 37. Kh5 Qcc2 38. Kg4 Qg2+ 39. Kh5 Qdg6+ 0-1

[Event "DVM U12 2023"]
[Site "Magdeburg GER"]
[Date "2023.12.29"]
[Round "6"]
[White "Vinogradov, Ilia"]
[Black "Rodriguez Klasen, Ennio"]
[Result "0-1"]
[Termination "normal"]
[Board "4.1"]
[WhiteElo "1583"]
[BlackElo "1622"]
[WhiteClock "00:47:28"]
[BlackClock "00:08:18"]
[WhiteTeam "SV 1947 Walldorf"]
[BlackTeam "SV Empor Berlin"]
[PlyCount "96"]
[WhiteFideId "34603166"]
[BlackFideId "16277414"]
[EventCountry "GER"]
[EventRounds "7"]
[EventType "team-swiss"]
[EventDate "2023.12.26"]

1. e4 {[%clk 01:30:58]} {[%emt 00:00:02]} c5 {[%clk 01:30:44]} {[%emt
00:00:17]} 2. Nf3 {[%clk 01:31:21]} {[%emt 00:00:07]} e6 {[%clk 01:30:49]}
{[%emt 00:00:25]} 3. d4 {[%clk 01:31:39]} {[%emt 00:00:11]} cxd4 {[%clk
01:31:04]} {[%emt 00:00:15]} 4. Nxd4 {[%clk 01:32:03]} {[%emt 00:00:06]} Nf6
{[%clk 01:31:08]} {[%emt 00:00:25]} 5. Nc3 {[%clk 01:32:10]} {[%emt 00:00:24]}
Nc6 {[%clk 01:31:11]} {[%emt 00:00:28]} 6. Ndb5 {[%clk 01:32:17]} {[%emt
00:00:22]} Bc5 {[%clk 01:30:54]} {[%emt 00:00:45]} 7. Bf4 {[%clk 01:30:42]}
{[%emt 00:02:06]} O-O {[%clk 01:30:41]} {[%emt 00:00:42]} 8. Bc7 {[%clk
01:26:27]} {[%emt 00:04:46]} Qe7 {[%clk 01:29:56]} {[%emt 00:01:14]} 9. Bd6
{[%clk 01:26:10]} {[%emt 00:00:49]} Bxd6 {[%clk 01:30:10]} {[%emt 00:00:14]}
10. Nxd6 {[%clk 01:26:06]} {[%emt 00:00:35]} Ne8 {[%clk 01:24:47]} {[%emt
00:05:52]} 11. Ncb5 {[%clk 01:24:48]} {[%emt 00:01:49]} Nxd6 {[%clk 01:22:19]}
{[%emt 00:02:55]} 12. Nxd6 {[%clk 01:23:01]} {[%emt 00:02:19]} Nb4 {[%clk
01:18:40]} {[%emt 00:04:09]} 13. e5 {[%clk 01:16:41]} {[%emt 00:06:50]} Qg5
{[%clk 01:14:50]} {[%emt 00:04:20]} 14. Nc4 {[%clk 01:05:17]} {[%emt 00:11:54]}
b5 {[%clk 01:07:09]} {[%emt 00:08:11]} 15. a3 {[%clk 01:01:11]} {[%emt
00:04:36]} bxc4 {[%clk 00:59:23]} {[%emt 00:08:15]} 16. axb4 {[%clk 01:01:08]}
{[%emt 00:00:35]} Qxe5+ {[%clk 00:58:12]} {[%emt 00:01:40]} 17. Be2 {[%clk
00:59:25]} {[%emt 00:02:14]} Qxb2 {[%clk 00:55:19]} {[%emt 00:03:24]} 18. Rb1
{[%clk 00:58:22]} {[%emt 00:01:32]} Qc3+ {[%clk 00:53:40]} {[%emt 00:02:08]}
19. Qd2 {[%clk 00:58:16]} {[%emt 00:00:36]} Qxd2+ {[%clk 00:53:37]} {[%emt
00:00:32]} 20. Kxd2 {[%clk 00:58:40]} {[%emt 00:00:07]} d5 {[%clk 00:53:24]}
{[%emt 00:00:43]} 21. Kc3 {[%clk 00:58:35]} {[%emt 00:00:35]} a6 {[%clk
00:51:55]} {[%emt 00:01:59]} 22. Rhd1 {[%clk 00:58:01]} {[%emt 00:01:03]} Bd7
{[%clk 00:44:42]} {[%emt 00:07:44]} 23. Ra1 {[%clk 00:56:40]} {[%emt 00:01:51]}
Rfd8 {[%clk 00:42:21]} {[%emt 00:02:53]} 24. f4 {[%clk 00:55:09]} {[%emt
00:02:00]} Bb5 {[%clk 00:36:33]} {[%emt 00:06:15]} 25. Rd4 {[%clk 00:54:39]}
{[%emt 00:01:02]} Rd7 {[%clk 00:35:20]} {[%emt 00:01:44]} 26. Rad1 {[%clk
00:54:11]} {[%emt 00:00:58]} Rad8 {[%clk 00:29:59]} {[%emt 00:05:49]} 27. Bf3
{[%clk 00:53:54]} {[%emt 00:00:49]} Kf8 {[%clk 00:18:59]} {[%emt 00:42:36]} 28.
f5 {[%clk 00:45:58]} Ke7 {[%clk 00:16:10]} 29. fxe6 fxe6 {[%clk 00:16:33]} 30.
h3 {[%clk 00:43:07]} g5 {[%clk 00:13:33]} 31. R1d2 {[%clk 00:40:25]} Rf8 {[%clk
00:09:20]} 32. Re2 {[%clk 00:37:22]} {[%emt 00:00:02]} Kd6 {[%clk 00:07:16]}
{[%emt 00:02:07]} 33. Red2 {[%clk 00:36:42]} {[%emt 00:01:11]} Rf4 {[%clk
00:06:44]} {[%emt 00:01:02]} 34. Rxf4 {[%clk 00:35:53]} {[%emt 00:01:19]} gxf4
{[%clk 00:07:11]} {[%emt 00:00:03]} 35. Rd1 {[%clk 00:34:59]} {[%emt 00:01:24]}
Rg7 {[%clk 00:06:03]} {[%emt 00:01:40]} 36. Kd2 {[%clk 00:31:33]} {[%emt
00:03:54]} e5 {[%clk 00:03:12]} {[%emt 00:03:22]} 37. Ke1 {[%clk 00:30:43]}
{[%emt 00:01:19]} e4 {[%clk 00:01:11]} {[%emt 00:02:32]} 38. Bxe4 {[%clk
00:21:38]} {[%emt 00:09:34]} Re7 {[%clk 00:01:33]} {[%emt 00:00:08]} 39. Rxd5+
{[%clk 00:22:03]} {[%emt 00:00:05]} Kc7 {[%clk 00:02:02]} {[%emt 00:00:02]} 40.
Kf2 {[%clk 00:21:29]} {[%emt 00:01:04]} Rxe4 {[%clk 00:01:48]} {[%emt
00:00:43]} 41. Kf3 {[%clk 00:21:22]} {[%emt 00:00:38]} Re3+ {[%clk 00:22:31]}
{[%emt 00:09:46]} 42. Kxf4 {[%clk 00:49:57]} {[%emt 00:01:55]} Re2 {[%clk
00:22:33]} {[%emt 00:00:27]} 43. c3 {[%clk 00:49:07]} {[%emt 00:01:20]} Rxg2
{[%clk 00:22:42]} {[%emt 00:00:21]} 44. Re5 {[%clk 00:48:34]} {[%emt 00:01:04]}
Rf2+ {[%clk 00:14:22]} {[%emt 00:08:50]} 45. Ke3 {[%emt 00:00:44]} Rf7 {[%clk
00:13:43]} {[%emt 00:00:57]} 46. Rd5 {[%clk 00:47:48]} {[%emt 00:01:14]} Rf6
{[%clk 00:09:52]} {[%emt 00:04:20]} 47. h4 {[%clk 00:47:35]} {[%emt 00:00:44]}
h6 {[%clk 00:09:42]} {[%emt 00:00:41]} 48. Rd4 {[%clk 00:47:28]} {[%emt
00:00:36]} Rd6 {[%clk 00:08:18]} {[%emt 00:01:54]} 0-1

[Event "DVM U12 2023"]
[Site "Magdeburg GER"]
[Date "2023.12.29"]
[Round "6"]
[White "Müller, Anker"]
[Black "Yan, Haichen"]
[Result "1-0"]
[Termination "normal"]
[Board "4.2"]
[WhiteElo "1548"]
[BlackElo "1403"]
[WhiteClock "01:03:21"]
[BlackClock "01:12:01"]
[WhiteTeam "SV Empor Berlin"]
[BlackTeam "SV 1947 Walldorf"]
[PlyCount "53"]
[WhiteFideId "1472070"]
[BlackFideId "34607951"]
[EventCountry "GER"]
[EventRounds "7"]
[EventType "team-swiss"]
[EventDate "2023.12.26"]

1. e4 {[%clk 01:30:56]} {[%emt 00:00:03]} c5 {[%clk 01:30:55]} {[%emt
00:00:06]} 2. c4 {[%clk 01:31:17]} {[%emt 00:00:09]} Nc6 {[%clk 01:30:39]}
{[%emt 00:00:45]} 3. Nc3 {[%clk 01:31:25]} {[%emt 00:00:20]} Nf6 {[%clk
01:29:59]} {[%emt 00:01:11]} 4. g3 {[%clk 01:31:22]} {[%emt 00:00:34]} g6
{[%clk 01:29:47]} {[%emt 00:00:42]} 5. Bg2 {[%clk 01:31:13]} {[%emt 00:00:38]}
Bg7 {[%clk 01:30:00]} {[%emt 00:00:18]} 6. Nge2 {[%clk 01:31:09]} {[%emt
00:00:34]} O-O {[%clk 01:29:23]} {[%emt 00:01:08]} 7. O-O {[%clk 01:31:12]}
{[%emt 00:00:27]} d6 {[%clk 01:28:26]} {[%emt 00:01:27]} 8. d3 {[%clk
01:30:39]} {[%emt 00:01:02]} a6 {[%clk 01:26:59]} {[%emt 00:01:58]} 9. a3
{[%clk 01:28:06]} {[%emt 00:03:02]} e5 {[%clk 01:24:44]} {[%emt 00:02:46]} 10.
Qc2 {[%clk 01:26:41]} {[%emt 00:01:53]} Bg4 {[%clk 01:24:42]} {[%emt 00:00:33]}
11. h3 {[%clk 01:22:14]} {[%emt 00:04:57]} Be6 {[%clk 01:24:20]} {[%emt
00:00:52]} 12. Be3 {[%clk 01:21:45]} {[%emt 00:00:57]} Qd7 {[%clk 01:23:47]}
{[%emt 00:01:05]} 13. Kh2 {[%clk 01:20:45]} {[%emt 00:01:25]} Rab8 {[%clk
01:19:15]} {[%emt 00:05:07]} 14. Rab1 {[%clk 01:12:13]} {[%emt 00:09:00]} Rfc8
{[%clk 01:16:14]} {[%emt 00:03:32]} 15. b4 {[%clk 01:10:42]} {[%emt 00:02:01]}
Nd4 {[%clk 01:15:44]} {[%emt 00:01:00]} 16. Bxd4 {[%clk 01:10:30]} {[%emt
00:00:43]} cxd4 {[%clk 01:16:05]} {[%emt 00:00:08]} 17. Nd5 {[%clk 01:10:14]}
{[%emt 00:00:44]} Bxd5 {[%clk 01:14:45]} {[%emt 00:01:53]} 18. exd5 {[%clk
01:10:33]} {[%emt 00:00:10]} Bh6 {[%clk 01:14:30]} {[%emt 00:00:46]} 19. Qa2
{[%clk 01:03:21]} {[%emt 00:07:36]} b5 {[%clk 01:12:01]} {[%emt 00:03:05]} 20.
f4 Ne8 {[%clk 01:12:01]} 21. fxe5 bxc4 {[%clk 01:12:01]} 22. Nxd4 dxe5 {[%clk
01:12:01]} 23. Nc6 cxd3 {[%clk 01:12:01]} 24. Nxe5 Qa4 {[%clk 01:12:01]} 25.
Nxf7 Bg7 {[%clk 01:12:01]} 26. d6 Rc2 {[%clk 01:12:01]} 27. Nh6+ 1-0

[Event "DVM U12 2023"]
[Site "Magdeburg GER"]
[Date "2023.12.29"]
[Round "6"]
[White "Färber, Anna"]
[Black "Gundermann, Mika Oleg"]
[Result "1-0"]
[Termination "normal"]
[Board "4.3"]
[WhiteElo "1345"]
[BlackElo "1636"]
[WhiteTeam "SV 1947 Walldorf"]
[BlackTeam "SV Empor Berlin"]
[PlyCount "73"]
[WhiteFideId "34633480"]
[BlackFideId "34606513"]
[EventCountry "GER"]
[EventRounds "7"]
[EventType "team-swiss"]
[EventDate "2023.12.26"]

1. e4 {[%emt 00:48:07]} d5 {[%emt 00:00:13]} 2. exd5 {[%emt 00:00:09]} Nf6
{[%emt 00:00:16]} 3. Bb5+ {[%emt 00:00:11]} Bd7 {[%emt 00:00:31]} 4. Be2 {[%emt
00:00:10]} Nxd5 {[%emt 00:01:27]} 5. d4 {[%emt 00:00:19]} Bf5 {[%emt 00:02:16]}
6. Nf3 {[%emt 00:00:21]} e6 {[%emt 00:00:18]} 7. O-O {[%emt 00:00:28]} Be7
{[%emt 00:00:40]} 8. a3 {[%emt 00:00:25]} O-O {[%emt 00:01:19]} 9. c4 {[%emt
00:00:16]} Nf6 {[%emt 00:03:39]} 10. Nh4 {[%emt 00:00:37]} Bg6 {[%emt
00:06:19]} 11. Nxg6 {[%emt 00:00:11]} hxg6 {[%emt 00:00:03]} 12. Nc3 {[%emt
00:01:38]} c6 {[%emt 00:04:01]} 13. Be3 {[%emt 00:02:42]} Qc7 {[%emt 00:07:50]}
14. Qc2 {[%emt 00:04:50]} Rd8 {[%emt 00:02:17]} 15. Rfd1 {[%emt 00:05:09]} Na6
{[%emt 00:15:25]} 16. b4 {[%emt 00:03:24]} e5 {[%emt 00:04:07]} 17. Bf3 {[%emt
00:11:39]} exd4 {[%emt 00:03:10]} 18. Bxd4 {[%emt 00:02:05]} Qf4 {[%emt
00:17:13]} 19. Ne2 {[%emt 00:05:20]} Qc7 {[%emt 00:02:28]} 20. Bb2 {[%emt
00:06:07]} Rac8 {[%emt 00:04:55]} 21. Ng3 {[%emt 00:04:13]} Bd6 {[%emt
00:02:59]} 22. Re1 {[%emt 00:34:28]} Re8 23. Rad1 Be5 24. Bxe5 Rxe5 25. Qc3
Rxe1+ 26. Rxe1 Rd8 27. h3 Qb6 28. Re7 {[%emt 00:02:24]} Kf8 {[%emt 00:01:49]}
29. c5 {[%emt 00:07:25]} Qb5 {[%emt 00:00:14]} 30. Be2 {[%emt 00:00:38]} Qa4
{[%emt 00:04:42]} 31. Rxb7 {[%emt 00:02:17]} Nd5 {[%emt 00:00:58]} 32. Qb2
{[%emt 00:00:19]} Nac7 {[%emt 00:00:30]} 33. Ne4 {[%emt 00:01:24]} f6 {[%emt
00:01:18]} 34. Nd6 {[%emt 00:01:47]} Rd7 {[%emt 00:00:38]} 35. Rb8+ {[%emt
00:00:45]} Ke7 {[%emt 00:00:24]} 36. Bg4 {[%emt 00:02:18]} Rd8 {[%emt
00:00:33]} 37. Qe2+ {[%emt 00:00:19]} 1-0

[Event "DVM U12 2023"]
[Site "Magdeburg GER"]
[Date "2023.12.29"]
[Round "6"]
[White "Mlynarski, Milosz"]
[Black "Sriram, Aumkar"]
[Result "1-0"]
[Termination "normal"]
[Board "4.4"]
[WhiteElo "1426"]
[BlackElo "1191"]
[WhiteClock "01:00:18"]
[BlackClock "01:16:36"]
[WhiteTeam "SV Empor Berlin"]
[BlackTeam "SV 1947 Walldorf"]
[PlyCount "44"]
[WhiteFideId "34636854"]
[BlackFideId "33460477"]
[EventCountry "GER"]
[EventRounds "7"]
[EventType "team-swiss"]
[EventDate "2023.12.26"]

1. d4 {[%clk 01:30:54]} {[%emt 00:00:05]} e6 {[%clk 01:30:49]} {[%emt
00:00:09]} 2. c4 {[%clk 01:30:57]} {[%emt 00:00:29]} f5 {[%clk 01:31:05]}
{[%emt 00:00:15]} 3. g3 {[%clk 01:30:57]} {[%emt 00:00:30]} Bb4+ {[%clk
01:30:33]} {[%emt 00:01:01]} 4. Bd2 {[%clk 01:29:38]} {[%emt 00:01:50]} Bxd2+
{[%clk 01:29:56]} {[%emt 00:01:06]} 5. Nxd2 {[%clk 01:29:50]} {[%emt 00:00:18]}
Nf6 {[%clk 01:29:59]} {[%emt 00:00:28]} 6. Ngf3 {[%clk 01:29:52]} {[%emt
00:00:27]} b6 {[%clk 01:30:09]} {[%emt 00:00:21]} 7. Bg2 {[%clk 01:29:56]}
{[%emt 00:00:26]} Bb7 {[%clk 01:30:15]} {[%emt 00:00:23]} 8. O-O {[%clk
01:28:25]} {[%emt 00:02:01]} O-O {[%clk 01:30:16]} {[%emt 00:00:28]} 9. Qc2
{[%clk 01:27:27]} {[%emt 00:01:30]} d6 {[%clk 01:29:49]} {[%emt 00:00:56]} 10.
Rfe1 {[%clk 01:23:13]} {[%emt 00:04:45]} Nbd7 {[%clk 01:25:58]} {[%emt
00:04:18]} 11. Ng5 {[%clk 01:19:33]} {[%emt 00:04:14]} Bxg2 {[%clk 01:25:13]}
{[%emt 00:01:12]} 12. Nxe6 {[%clk 01:19:26]} {[%emt 00:00:41]} Qe7 {[%clk
01:25:06]} {[%emt 00:00:34]} 13. Nxf8 {[%clk 01:19:37]} {[%emt 00:00:21]} Rxf8
{[%clk 01:25:29]} {[%emt 00:00:06]} 14. Kxg2 {[%clk 01:19:48]} {[%emt
00:00:19]} Qf7 {[%clk 01:25:35]} {[%emt 00:00:22]} 15. Qxf5 {[%clk 01:15:58]}
{[%emt 00:04:24]} Qe8 {[%clk 01:23:31]} {[%emt 00:02:32]} 16. d5 {[%clk
01:12:02]} {[%emt 00:04:28]} Kh8 {[%clk 01:23:14]} {[%emt 00:00:47]} 17. Nf3
{[%clk 01:09:58]} {[%emt 00:02:35]} Nc5 {[%clk 01:21:40]} {[%emt 00:01:59]} 18.
Qc2 {[%clk 01:07:03]} {[%emt 00:03:27]} Qh5 {[%clk 01:19:42]} {[%emt 00:02:30]}
19. Qc3 {[%clk 01:01:27]} {[%emt 00:06:07]} Ng4 {[%clk 01:18:50]} {[%emt
00:01:20]} 20. Rab1 {[%clk 01:00:18]} {[%emt 00:01:40]} h6 {[%clk 01:16:36]}
{[%emt 00:02:41]} 21. e4 Nd7 {[%clk 01:16:36]} 22. Rh1 Qf7 {[%clk 01:16:36]}
23. Rbf1 Nde5 24. h3 Nxf3 25. hxg4 Qg6 26. Rxh6+ Qxh6 27. Rh1 Qxh1+ 28. Kxh1
Rf6 29. Kg2 Ne5 30. g5 Rf3 31. Qxf3 Nxf3 32. Kxf3 Kg8 33. g6 Kf8 34. Kf4 Ke7
35. Kf5 Kd7 36. b4 c5 37. b5 Ke7 38. Kg5 Kd7 39. f4 Kd8 40. f5 Ke7 41. g4 Kf8
42. f6 Kg8 43. f7+ Kf8 44. Kf5 Ke7 45. g5 a5 46. bxa6 Kd7 47. f8=Q Kc7 48. a7
b5 49. a8=Q bxc4 50. Qfd8# 1-0